000 00782nam a22002651 4500
001 17929
003 BD-RjUL
005 20211209000219.0
008 140219s1958 nju 000 0 eng
035 _a(BD-RjUL)17987
035 _a(OCoLC)1560902
040 _aDLC
_cTxLT
_dOCoLC
_dUk
_dBD-RjUL
_beng
041 _aeng
082 _a820.82
_bTHO 1958
100 1 _aBeal, Richard S.,
_d1915-1989.,
_955306
245 1 0 _aThought in prose,
_cedited by Richard S. Beal.
260 _aEnglewood Cliffs, N.J :
_bPrentice-Hall,
_c1958.
300 _a611 p. :
_c24 cm.
650 0 _aEnglish prose literature.
_955307
650 0 _aAmerican prose literature.
_955308
700 1 _aKorg, Jacob,
_ejoint ed.
_955309
942 _2ddc
_cBK
999 _c17929
_d17929